Competition success review year book 1991 (Record no. 10214)

MARC details
000 -LEADER
fixed length control field 00501nam a2200169Ia 4500
003 - CONTROL NUMBER IDENTIFIER
control field IN-BaIIA
008 - FIXED-LENGTH DATA ELEMENTS--GENERAL INFORMATION
fixed length control field 211028s9999 xx 000 0 eng d
040 ## - CATALOGING SOURCE
Transcribing agency IIA Library
080 ## - UNIVERSAL DECIMAL CLASSIFICATION NUMBER
Universal Decimal Classification number 058
Item number SAC
245 #0 - TITLE STATEMENT
Title Competition success review year book 1991
Statement of responsibility, etc. edited by S K. Sachdeva
260 ## - PUBLICATION, DISTRIBUTION, ETC.
Place of publication, distribution, etc. New Delhi
Name of publisher, distributor, etc. Competition Review
Date of publication, distribution, etc. 1991
300 ## - PHYSICAL DESCRIPTION
Extent 804p
650 ## - SUBJECT ADDED ENTRY--TOPICAL TERM
Topical term or geographic name entry element NASA Thesaurus
650 ## - SUBJECT ADDED ENTRY--TOPICAL TERM
Topical term or geographic name entry element Year Books
9 (RLIN) 3953
700 ## - ADDED ENTRY--PERSONAL NAME
Personal name Sachdeva, S K. ed
9 (RLIN) 13328
942 ## - ADDED ENTRY ELEMENTS (KOHA)
Koha item type Books
Holdings
Withdrawn status Lost status Damaged status Not for loan Home library Current library Shelving location Date acquired Cost, normal purchase price Total Checkouts Full call number Barcode Date last seen Cost, replacement price Price effective from Koha item type Purchase Price
        IIA Library-Bangalore IIA Library-Bangalore General Stacks 03/09/1991 36.00   058/ SAC 11124 05/11/2021 36.00 03/09/1991 Books Rs. 36.00

Powered by Koha